000 00575cam a2200241 4500
001 J1876
008 090401t1993 xxu||||| |||| 00| 0 eng d
035 _a(Sirsi) u45929
041 _aeng
050 _a333.336
110 _aChesterton
_92357
245 _aBig sheds. - Autumn 1993
260 _aLondon
_bChesterton
_c1993
300 _a28p. : ill. ; 30cm.
350 _a0
650 _aBIG SHEDS
650 _aDISTRIBUTION BUILDINGS
650 _aFRANCE
650 _aWAREHOUSES
690 _aPROPERTY-COMMERCIAL PROPERTY
942 _n0
948 _c04/03/1997
999 _c91848
_d91848